000 00242nam a2200109Ia 4500
008 190216s9999||||xx |||||||||||||| ||und||
100 _aFavell Aj
245 0 _aBook Keeping
260 _bNarosa Pubs House
_c1966
300 _a179p
942 _cBK
999 _c4661
_d4661